000
00341nam a2200145Ia 4500
008
191201s2007 xx 000 0 und d
082
_a
658.32
_b
AGS
100
_a
AGARWALA, Tanuja
245
0
_a
Strategic Human Resource Management
250
_a
2nd
260
_a
N.Delhi
_b
Oxford
_c
2007
300
_a
801
650
_a
MBA
942
_2
ddc
_c
BK
999
_c
3602
_d
3602